| 000 | 01484nam a2200445 i 4500 | ||
|---|---|---|---|
| 001 | 36847 | ||
| 003 | KOSZ 005 | ||
| 005 | 20220322113144.0 | ||
| 008 | 001010s1999 pl f f |000 0 pol d | ||
| 020 | _a8388283022 | ||
| 040 |
_cKOSZ 005 _aKOSZ 005 _dKOSZ 005/HR |
||
| 046 | _k1994 | ||
| 080 | _a621.64/.69 | ||
| 080 | _a628.1/.8 | ||
| 080 | _a532 | ||
| 080 | _a(075.8) | ||
| 100 | 1 |
_aPiecuch, Tadeusz _d(1946-2018) _eAutor |
|
| 245 | 1 | 0 |
_aTechnika hydroszlamowa / _cTadeusz Piecuch. |
| 250 | _aWyd. 2 popr. i uzup. | ||
| 260 |
_aKoszalin : _bWydawnictwo Uczelniane Politechniki Koszalińskiej, _c1999. |
||
| 300 |
_a275 s. : _brys., wykr. ; _c24 cm. |
||
| 336 |
_2rdacontent _aTekst _btxt |
||
| 337 |
_2rdamedia _aBez urządzenia pośredniczącego _bn |
||
| 338 |
_2rdacarrier _aWolumin _bnc |
||
| 380 | _aKsiążki | ||
| 380 | _aPublikacje dydaktyczne | ||
| 385 |
_mPoziom nauczania _aSzkoły wyższe |
||
| 388 | _a1901-2000 | ||
| 388 | _a1989-2000 | ||
| 504 | _aBibliogr. przy rozdz. | ||
| 650 | _aPrzenośniki hydrauliczne | ||
| 650 | 9 | _aSedymentacja | |
| 650 | 4 | _aMechanika płynów | |
| 650 | 4 | _aFiltracja | |
| 655 | _aPodręczniki akademickie | ||
| 658 | _aInżynieria i technika | ||
| 710 | 2 |
_aWydawnictwo Uczelniane (Wyższa Szkoła Inżynierska ; Koszalin) _4pbl. |
|
| 856 |
_uhttp://koha.tu.koszalin.pl/cgi-bin/koha/opac-detail.pl?biblionumber=36847 _yKatalog online BPK |
||
| 942 |
_cKS _2UKD |
||
| 999 |
_c36847 _d36847 |
||